000 00195 a2200109 4500
020 _a9788416733316
041 _aspa
100 _aCarmen Gil
245 _aMargarito
942 _cBK
952 _71
999 _c24080
_d24080